Introduction to political thinkers / (Record no. 96071)
[ view plain ]
| 000 -LEADER | |
|---|---|
| fixed length control field | 01222nam a22003137a 4500 |
| 005 - DATE AND TIME OF LATEST TRANSACTION | |
| control field | 20180224160011.0 |
| 010 ## - LCCN (DPL NO) | |
| LC control number | 1516EN07 ENG-114555 B-663994 |
| 020 ## - INTERNATIONAL STANDARD BOOK NUMBER | |
| International Standard Book Number | 9788131527283 |
| Terms of availability | 995.00 |
| 020 ## - INTERNATIONAL STANDARD BOOK NUMBER | |
| International Standard Book Number | 813152728x |
| Terms of availability | 995.00 |
| 035 ## - SYSTEM CONTROL NUMBER | |
| System control number | EN-98087 |
| 035 ## - SYSTEM CONTROL NUMBER | |
| System control number | B-605108-123 |
| 035 ## - SYSTEM CONTROL NUMBER | |
| System control number | B-663994 |
| 037 ## - SOURCE OF ACQUISITION | |
| Source of stock number/acquisition | Rajasthani Granthgar |
| Stock number | dpl |
| 037 ## - SOURCE OF ACQUISITION | |
| Source of stock number/acquisition | DBAD/PUB |
| 082 ## - DEWEY DECIMAL CLASSIFICATION NUMBER | |
| Classification number | 320 |
| 100 ## - MAIN ENTRY--PERSONAL NAME | |
| Personal name | Ebenstein, William |
| Dates associated with a name | 1910-1976 |
| 245 00 - TITLE STATEMENT | |
| Title | Introduction to political thinkers / |
| Statement of responsibility, etc | by William Ebenstein [and] Alan Ebenstein |
| 250 ## - EDITION STATEMENT | |
| Edition statement | 2nd ed |
| 260 ## - PUBLICATION, DISTRIBUTION, ETC. (IMPRINT) | |
| Place of publication, distribution, etc | Delhi |
| Name of publisher, distributor, etc | Cengage Learninig |
| Date of publication, distribution, etc | 2015 |
| 270 ## - ADDRESS | |
| Address | 418, F.I.E, Patparganj |
| City | Delhi |
| Postal code | 110092 |
| 300 ## - PHYSICAL DESCRIPTION | |
| Extent | xiv,363p. |
| Dimensions | 24cm(pbk) |
| 500 ## - GENERAL NOTE | |
| General note | Includes bibliographical references |
| 650 ## - SUBJECT ADDED ENTRY--TOPICAL TERM | |
| Topical term or geographic name as entry element | Political science. |
| 650 ## - SUBJECT ADDED ENTRY--TOPICAL TERM | |
| Topical term or geographic name as entry element | Political science |
| General subdivision | History. |
| 700 ## - ADDED ENTRY--PERSONAL NAME | |
| Personal name | Ebenstein, Alan |
| 942 ## - ADDED ENTRY ELEMENTS (KOHA) | |
| Source of classification or shelving scheme | Dewey Decimal Classification |
| Item type | English Books |
| Call number suffix | EBE |
| Classification part | 320 |
| Withdrawn status | Lost status | Not for loan | Collection code | Home library | Current library | Date acquired | Source of acquisition | Cost, normal purchase price | Full call number | Barcode | Copy number | Cost, replacement price | Koha item type |
|---|---|---|---|---|---|---|---|---|---|---|---|---|---|
| Non-fiction | Andrews Gunj | Andrews Gunj | 22/07/2016 | RG/251/19.09.2015/136/16.9.2015/15.10.2015 | 995.00 | 320 EBE | B-605116 | 1 | 995.00 | English Books | |||
| Non-fiction | Ashok Vihar | Ashok Vihar | 24/02/2018 | RG/590/22.02.17/401/15.02.17/01.03.17 | 995.00 | 320 EBE | B-663994 | 1 | 995.00 | English Books | |||
| Non-fiction | Bawana | Bawana | 22/07/2016 | RG/251/19.09.2015/136/16.9.2015/15.10.2015 | 995.00 | 320 EBE | B-605120 | 1 | 995.00 | English Books | |||
| Non-fiction | Bawana | Bawana | 22/07/2016 | RG/251/19.09.2015/136/16.9.2015/15.10.2015 | 995.00 | 320 EBE | B-605122 | 1 | 995.00 | English Books | |||
| Non-fiction | Central Library | Central Library | 22/07/2016 | RG/251/19.09.2015/136/16.9.2015/15.10.2015 | 995.00 | 320 EBE | B-605108 | 2 | 995.00 | English Books | |||
| Written-off vide DLB M. No. 383 dt 16.05.19 | Non-fiction | Central Library | Central Library | 22/07/2016 | RG/251/19.09.2015/136/16.9.2015/15.10.2015 | 995.00 | 320 EBE | B-605109 | 2 | 995.00 | English Books | ||
| Not For Loan | Reference | Central Library | Central Library | 22/07/2016 | RG/251/19.09.2015/136/16.9.2015/15.10.2015 | 995.00 | 320 EBE | B-605110 | 1 | 995.00 | English Books | ||
| Not For Loan | Non-fiction | D.B.Act.Division | D.B.Act.Division | 16/12/2015 | DBAD/PUB | 995.00 | 320 EBE | EN-98087 | 1 | 995.00 | English Books | ||
| Non-fiction | Janak Puri | Janak Puri | 22/07/2016 | RG/251/19.09.2015/136/16.9.2015/15.10.2015 | 995.00 | 320 EBE | B-605113 | 1 | 995.00 | English Books | |||
| Non-fiction | Narela | Narela | 22/07/2016 | RG/251/19.09.2015/136/16.9.2015/15.10.2015 | 995.00 | 320 EBE | B-605121 | 1 | 995.00 | English Books | |||
| Non-fiction | New Police Line | New Police Line | 22/07/2016 | RG/251/19.09.2015/136/16.9.2015/15.10.2015 | 995.00 | 320 EBE | B-605111 | 1 | 995.00 | English Books | |||
| Non-fiction | Patel Nagar | Patel Nagar | 22/07/2016 | RG/251/19.09.2015/136/16.9.2015/15.10.2015 | 995.00 | 320 EBE | B-605112 | 1 | 995.00 | English Books | |||
| Non-fiction | R.K.Puram-8 | R.K.Puram-8 | 22/07/2016 | RG/251/19.09.2015/136/16.9.2015/15.10.2015 | 995.00 | 320 EBE | B-605115 | 1 | 995.00 | English Books | |||
| Non-fiction | Sarojini Nagar | Sarojini Nagar | 22/07/2016 | RG/251/19.09.2015/136/16.9.2015/15.10.2015 | 995.00 | 320 EBE | B-605114 | 1 | 995.00 | English Books | |||
| Non-fiction | Sarojini Nagar | Sarojini Nagar | 22/07/2016 | RG/251/19.09.2015/136/16.9.2015/15.10.2015 | 995.00 | 320 EBE | B-605117 | 1 | 995.00 | English Books | |||
| Non-fiction | Sarojini Nagar | Sarojini Nagar | 22/07/2016 | RG/251/19.09.2015/136/16.9.2015/15.10.2015 | 995.00 | 320 EBE | B-605118 | 1 | 995.00 | English Books | |||
| Non-fiction | Shahdara Branch | Shahdara Branch | 22/07/2016 | RG/251/19.09.2015/136/16.9.2015/15.10.2015 | 995.00 | 320 EBE | B-605123 | 1 | 995.00 | English Books | |||
| Non-fiction | Vinoba Puri | Vinoba Puri | 22/07/2016 | RG/251/19.09.2015/136/16.9.2015/15.10.2015 | 995.00 | 320 EBE | B-605119 | 1 | 995.00 | English Books |
